| 000 | 00924cam a22001694a 4500 | ||
|---|---|---|---|
| 005 | 20250605164344.0 | ||
| 008 | 250528s ||||||||||||||||||||||||d | ||
| 035 | _a23765 | ||
| 040 |
_aGR-AtMCL _bgre _dGR-AtMCL _eAACR2 |
||
| 245 | 1 | _aCorporate Social Responsibility/Sustainability in Shipping-Maritime - Marine Environmental Mitigation in a ''Green'' Know-How Study and Greek Perspectives | |
| 300 | _a41 | ||
| 520 | _aAcknowledgements, Abstract, Literature Review, Introduction, Introduction - Motivation, Globalization and Shipping, Brief Description of Ship Types, Introduction to Marine Safety, Overview, Corporate Social Responsibility, ''Auditoriums'' and Greek Perspectives, Overview, Marine Environmental Issues, The ''Greek'' Effect, Introduction, Overview, Methodology, Results, Conclusion-Suggestions, References. | ||
| 700 | 1 |
_aPektasoglou Maria _99299 |
|
| 942 | _cDS | ||
| 999 |
_c8702 _d8702 |
||